Catálogo

Nosotras : (Registro nro. 69064)

Detalles MARC
000 -LEADER
fixed length control field 01328aam a2200349 i 4500
001 - CONTROL NUMBER
control field 69064
003 - CONTROL NUMBER IDENTIFIER
control field Mx-PuUPA
005 - DATE AND TIME OF LATEST TRANSACTION
control field 20220302080947.0
008 - FIXED-LENGTH DATA ELEMENTS--GENERAL INFORMATION
fixed length control field 200506s2018 mx a|||gr|||| 00| jcspa d
020 ## - INTERNATIONAL STANDARD BOOK NUMBER
International Standard Book Number 9786073169615
040 ## - CATALOGING SOURCE
Original cataloging agency Mx-PuUPA
Language of cataloging spa
Transcribing agency Mx-PuUPA
Modifying agency Mx-PuUPA
Description conventions rda
041 0# - LANGUAGE CODE
Language code of text/sound track or separate title spa
100 1# - MAIN ENTRY--PERSONAL NAME
9 (RLIN) 11063
Personal name Montero, Rosa,
Dates associated with a name 1951-
Relator term autor
240 10 - UNIFORM TITLE
Uniform title Historias de mujeres
245 10 - TITLE STATEMENT
Title Nosotras :
Remainder of title historias de mujeres y algo más /
Statement of responsibility, etc. Rosa Montero ; ilustraciones de María Herreros
250 ## - EDITION STATEMENT
Edition statement Primera edición
264 #1 - PRODUCTION, PUBLICATION, DISTRIBUTION, MANUFACTURE, AND COPYRIGHT NOTICE
Place of production, publication, distribution, manufacture Ciudad de México :
Name of producer, publisher, distributor, manufacturer Alfaguara,
Date of production, publication, distribution, manufacture, or copyright notice 2018
300 ## - PHYSICAL DESCRIPTION
Extent 298 páginas :
Other physical details ilustraciones ;
Dimensions 23 cm
336 ## - CONTENT TYPE
Fuente rdacontent
Content type term texto
Content type code txt
337 ## - MEDIA TYPE
Source rdamedia
Media type term sin medio
Media type code n
338 ## - CARRIER TYPE
Source rdacarrier
Carrier type term volumen
Carrier type code nc
650 #4 - SUBJECT ADDED ENTRY--TOPICAL TERM
Topical term or geographic name entry element Mujeres
Form subdivision Biografía
650 #4 - SUBJECT ADDED ENTRY--TOPICAL TERM
Topical term or geographic name entry element Biografía
Geographic subdivision Siglo XX
650 #4 - SUBJECT ADDED ENTRY--TOPICAL TERM
Topical term or geographic name entry element Mujeres autoras
Form subdivision Biografía
650 #4 - SUBJECT ADDED ENTRY--TOPICAL TERM
Topical term or geographic name entry element Mujeres artistas
Form subdivision Biografía
700 1# - ADDED ENTRY--PERSONAL NAME
Personal name Herreros, María,
Relator term ilustrador
775 08 - OTHER EDITION ENTRY
Relationship information Revisión de
Main entry heading Montero, Rosa, 1951-
Place, publisher, and date of publication Ciudad de México : Penguin Random House Grupo Editorial, 2016
Title Historias de mujeres
Record control number (Mx-PuUPA) 69069
International Standard Book Number 9786073141659
942 ## - ADDED ENTRY ELEMENTS (KOHA)
Source of classification or shelving scheme Dewey Decimal Classification
Koha item type Libro
Classification part 920.72
Item part M734
Existencias
Withdrawn status Lost status Source of classification or shelving scheme Damaged status Not for loan Collection code Home library Current library Shelving location Date acquired Source of acquisition Cost, normal purchase price Total Checkouts Full call number Barcode Date last seen Date last checked out Cost, replacement price Price effective from Koha item type Total Renewals Copy number
    Dewey Decimal Classification     General Biblioteca Karol Wojtyla Biblioteca Karol Wojtyla Sala general 09/08/2021 1 349.00 1 920.72 M734 2018 101540 07/03/2026 21/02/2026 349.00 09/08/2021 Libro    
    Dewey Decimal Classification     General Biblioteca Karol Wojtyla Biblioteca Karol Wojtyla Sala general 09/08/2021 1 349.00 3 920.72 M734 2018 101541 05/01/2026 16/08/2022 349.00 09/08/2021 Libro 1 Ej.2